000 00851cam a2200337 4500500
005 20260405002907.0
041 _afre
042 _adc
100 1 0 _aMachtalere, Cyprien
_eauthor
245 0 0 _aRepérages / avril 2019
260 _c2019.
500 _a30
690 _aAgression
690 _aAuthenticité
690 _aAvital Ronell
690 _aBlanc
690 _aBlanchité
690 _aCaravage
690 _aCaucasien
690 _aCopie
690 _acouleur
690 _aExperts
690 _aFaux
690 _aMeToo
690 _aNell Irvin Painter
690 _aRaces
690 _aSexe
690 _aVrai
786 0 _nPhilosophie magazine | 128 | 4 | 2019-04-01 | p. 4-4 | 1951-1787
856 4 1 _uhttps://shs.cairn.info/magazine-philosophie-magazine-2019-4-page-4?lang=fr&redirect-ssocas=7080
999 _c2062222
_d2062222